000 nam a22 7a 4500
999 _c30320
_d30320
008 190516b xxu||||| |||| 00| 0 eng d
040 _amksu
050 _aHC 865
_b.E54
245 _aEnhancing participatory development for poverty eradication in kenya
300 _a34p. :
_bill.(col.) ;
_c21cm.
650 _aEconomic assistance.
650 _aKenya.
942 _2lcc
_cAFRICANA
_hHC 865 .E54